[Event "Titled Tue 17th Jun Early"]
[Site "chess.com INT"]
[Date "2025.06.17"]
[Round "4"]
[White "Cahaya, Satria Duta"]
[Black "Bortnyk, Olexandr"]
[Result "0-1"]
[WhiteTitle "FM"]
[BlackTitle "GM"]
[WhiteElo "2386"]
[BlackElo "2601"]
[WhiteFideId "7124252"]
[BlackFideId "14120828"]
[EventDate "2025.06.17"]

1. e4 Nf6 2. e5 Nd5 3. d4 d6 4. c4 Nb6 5. exd6 exd6 6. Nc3 Be7 7. h3 O-O 8. Nf3
Nc6 9. Bd3 Bf6 10. Be3 d5 11. cxd5 Nb4 12. Bb1 N4xd5 13. O-O Re8 14. Ne4 Bf5 15.
Nfd2 Be7 16. a3 Bg6 17. Qf3 c6 18. Ba2 Kh8 19. Rfe1 f5 20. Nc5 Bxc5 21. dxc5
Nxe3 22. cxb6 Qxd2 23. Re2 Qd4 24. Rxe3 Qxb2 25. Rae1 Rxe3 26. Qxe3 Qxa2 27.
bxa7 Qc4 28. Qe5 Qg8 29. Qc5 Qd8 30. Re7 Rxa7 31. Qe5 Qf8 32. Rxg7 Ra5 33. Qc3
Qxg7 34. Qxa5 h6 35. Qd8+ Kh7 36. h4 f4 37. Qd6 Be4 38. Qe6 Qxg2# 0-1

[Event "Titled Tue 17th Jun Early"]
[Site "chess.com INT"]
[Date "2025.06.17"]
[Round "4"]
[White "Thipsay, Bagyashree Sathe"]
[Black "Foldes, Marton Gabor"]
[Result "0-1"]
[WhiteTitle "WIM"]
[BlackTitle "FM"]
[WhiteElo "2075"]
[BlackElo "2295"]
[WhiteFideId "5001013"]
[BlackFideId "794708"]
[EventDate "2025.06.17"]

1. e4 c5 2. Nf3 e6 3. d4 cxd4 4. Nxd4 Nc6 5. Nc3 Qc7 6. Be3 a6 7. Be2 Nf6 8. O-O
Bb4 9. Na4 O-O 10. c4 Bd6 11. g3 Nxe4 12. Bd3 Nf6 13. c5 Be7 14. Rc1 Nd5 15.
Nxc6 dxc6 16. Bd2 e5 17. Qe1 Bh3 18. Ba5 Qd7 19. Qxe5 Bxf1 20. Rxf1 Bf6 21. Qh5
g6 22. Qf3 Bd8 23. Bd2 Bc7 24. Bh6 Rfe8 25. Bc4 Rad8 26. Rd1 Qe7 27. Rd4 Be5 28.
Re4 Qf6 29. Qg2 Bxb2 30. h4 Rxe4 31. Qxe4 Qe5 32. Qf3 Bd4 33. Kg2 Qe6 34. Nb6
Bxc5 35. Nxd5 cxd5 36. Bb3 Qe4 0-1

[Event "Titled Tue 17th Jun Early"]
[Site "chess.com INT"]
[Date "2025.06.17"]
[Round "4"]
[White "Bardyk, Artem"]
[Black "Moldagali, Beksultan"]
[Result "0-1"]
[WhiteTitle "FM"]
[BlackTitle "FM"]
[WhiteElo "2260"]
[BlackElo "2397"]
[WhiteFideId "34349979"]
[BlackFideId "13734768"]
[EventDate "2025.06.17"]

1. e4 d5 2. exd5 Qxd5 3. Nf3 Bg4 4. Nc3 Qe6+ 5. Be2 Nc6 6. d4 O-O-O 7. d5 Qf6 8.
Bg5 Qg6 9. Bd3 Bxf3 10. Qxf3 Qxg5 11. dxc6 Nf6 12. cxb7+ Kb8 13. O-O e6 14. Rad1
Bd6 15. Ne2 h5 16. c3 Be5 17. Bc2 Ng4 18. g3 h4 19. Rxd8+ Rxd8 20. Rd1 Rxd1+ 21.
Bxd1 h3 22. Nf4 Bxf4 23. gxf4 Qa5 24. Qxg4 Qxa2 25. Qxh3 Qxb2 26. Bf3 Qc1+ 27.
Kg2 c6 28. Qh8+ Kxb7 29. Qxg7 Qxf4 30. Qg4 Qf6 31. h4 Qxc3 32. h5 Qh8 33. Qg5 a5
34. h6 Kc7 0-1

[Event "Titled Tue 17th Jun Early"]
[Site "chess.com INT"]
[Date "2025.06.17"]
[Round "4"]
[White "Chan, Kim Yew"]
[Black "Vlassov, Nikolai"]
[Result "1-0"]
[WhiteTitle "FM"]
[BlackTitle "IM"]
[WhiteElo "2304"]
[BlackElo "2291"]
[WhiteFideId "5717981"]
[BlackFideId "4103360"]
[EventDate "2025.06.17"]

1. e4 Nc6 2. d4 d5 3. e5 h5 4. h3 Bf5 5. Nf3 Qd7 6. Bd3 O-O-O 7. Nc3 Nb4 8. Ne2
Nxd3+ 9. cxd3 e6 10. Ng3 Bg6 11. Nh4 Bh7 12. Nxh5 Qb5 13. Qb3 Bxd3 14. Nf4 Rxh4
15. Nxd3 Qxb3 16. axb3 Rxd4 17. Ke2 Re4+ 18. Kd1 a6 19. f3 Rd4 20. Ke2 Ne7 21.
Be3 Rh4 22. g4 Rh8 23. h4 Nc6 24. h5 f6 25. Bf4 fxe5 26. Nxe5 Bd6 27. Nxc6 bxc6
28. Bxd6 Rxd6 29. Rxa6 Kd7 30. g5 e5 31. Ra4 d4 32. Kd3 Ke6 33. h6 gxh6 34. gxh6
Rxh6 35. Rxh6+ Kd5 36. Rxd6+ cxd6 37. Ra5+ 1-0

[Event "Titled Tue 17th Jun Early"]
[Site "chess.com INT"]
[Date "2025.06.17"]
[Round "4"]
[White "Flynn, Jacob"]
[Black "Yelisieiev, Yevhenii"]
[Result "1-0"]
[WhiteTitle "CM"]
[BlackTitle "IM"]
[WhiteElo "2274"]
[BlackElo "2412"]
[WhiteFideId "2509393"]
[BlackFideId "14139642"]
[EventDate "2025.06.17"]

1. Nf3 d6 2. d4 Nf6 3. Nc3 Nbd7 4. e4 e5 5. a4 Be7 6. a5 O-O 7. Be2 c6 8. O-O
Qc7 9. h3 Re8 10. Be3 exd4 11. Nxd4 Nc5 12. Bf3 Bf8 13. Bf4 Nfxe4 14. Nxe4 Nxe4
15. Re1 Nf6 16. Rxe8 Nxe8 17. a6 Bd7 18. axb7 Qxb7 19. b4 d5 20. c3 Nd6 21. Nb3
Nc4 22. Qd4 Qb6 23. Qxb6 Nxb6 24. Be3 Nc8 25. Ra6 g6 26. Nc5 Bxc5 27. Bxc5 Rb8
28. c4 dxc4 29. Bxc6 Bf5 30. b5 c3 31. Ra3 c2 32. Rc3 h5 33. g4 hxg4 34. hxg4
Bxg4 35. Rxc2 Be6 36. Rc3 Nb6 37. Ra3 Nd7 38. Bd4 g5 39. Rxa7 Nb6 40. Ra6 Nc4
41. b6 g4 42. b7 Bc8 43. Ra8 1-0

[Event "Titled Tue 17th Jun Early"]
[Site "chess.com INT"]
[Date "2025.06.17"]
[Round "4"]
[White "Beyer, Lorenz"]
[Black "Yildiz, Egehan"]
[Result "0-1"]
[WhiteTitle "CM"]
[BlackTitle "FM"]
[WhiteElo "2226"]
[BlackElo "2198"]
[WhiteFideId "16245393"]
[BlackFideId "44518072"]
[EventDate "2025.06.17"]

1. d4 Nf6 2. Bf4 c5 3. e3 Qb6 4. Nc3 d6 5. Rb1 g6 6. h3 Bg7 7. Nf3 O-O 8. Be2
cxd4 9. exd4 Qc7 10. O-O a6 11. Bh2 b5 12. a3 Bb7 13. Re1 Nc6 14. Bd3 Na5 15.
Ne4 Nc4 16. c3 Rfe8 17. Nfd2 Nb6 18. Nxf6+ Bxf6 19. Ne4 Bg7 20. Bg3 Qc6 21. Bf1
e5 22. dxe5 dxe5 23. Qb3 Rad8 24. Rbd1 Nc4 25. Rxd8 Rxd8 26. a4 h6 27. axb5 axb5
28. Re2 Kh7 29. f3 f5 30. Nf2 f4 31. Bh2 Qc5 32. Kh1 Nd2 33. Qd1 Nxf1 34. Qxf1
b4 35. Kg1 Ba6 36. Qe1 Bxe2 37. Qxe2 bxc3 38. bxc3 Qxc3 39. Kh1 Qa1+ 40. Bg1 Rb8
41. Kh2 Rb1 0-1

[Event "Titled Tue 17th Jun Early"]
[Site "chess.com INT"]
[Date "2025.06.17"]
[Round "4"]
[White "Agarwal, Amaya"]
[Black "Simonetto, Andrea"]
[Result "1-0"]
[WhiteTitle "WCM"]
[BlackTitle "FM"]
[WhiteElo "2004"]
[BlackElo "2285"]
[WhiteFideId "48733580"]
[BlackFideId "873314"]
[EventDate "2025.06.17"]

1. e4 e5 2. Nf3 Nc6 3. d4 exd4 4. Bc4 Nf6 5. e5 d5 6. Bb5 Ne4 7. Nxd4 Bd7 8.
Bxc6 bxc6 9. Kf1 Bc5 10. Be3 O-O 11. Nd2 Ng5 12. h4 Ne6 13. Nxe6 Bxe6 14. Bxc5
Re8 15. Nf3 Bg4 16. Bd4 Qd7 17. Qd3 Bf5 18. Qd2 Be4 19. Ng5 Bf5 20. Re1 h6 21.
Nf3 Be4 22. Qe3 Qf5 23. Nd2 Bxc2 24. Qf3 Qg6 25. Rh3 Qe6 26. Rg3 Kh7 27. Nb3
Bxb3 28. Qxb3 Rab8 29. Qc2+ g6 30. Kg1 h5 31. Rc3 Qg4 32. Qd2 Qxh4 33. Rh3 Qg4
34. f3 Qf5 35. b3 Kg8 36. Rg3 Rb5 37. Rg5 Qe6 38. Qf4 c5 39. Bf2 d4 40. Qd2 Rbb8
41. Qd3 c6 42. Qe4 Rbd8 43. Qd3 Rd5 44. Bg3 Red8 45. Bh4 R5d7 46. Rg3 Re8 47.
Bf6 Qd5 48. Qd2 c4 49. Qh6 1-0

[Event "Titled Tue 17th Jun Early"]
[Site "chess.com INT"]
[Date "2025.06.17"]
[Round "4"]
[White "Boramanikar, Tanisha S"]
[Black "Toroptseva, Yevheniia"]
[Result "1/2-1/2"]
[WhiteTitle "WCM"]
[BlackTitle "WFM"]
[WhiteElo "1743"]
[BlackElo "2104"]
[WhiteFideId "35023454"]
[BlackFideId "34109374"]
[EventDate "2025.06.17"]

1. e4 c5 2. Nf3 e6 3. d3 d5 4. Nbd2 Nf6 5. g3 Nc6 6. Bg2 Be7 7. O-O O-O 8. Re1
dxe4 9. dxe4 e5 10. Qe2 Qc7 11. c3 Rd8 12. Nf1 h6 13. Qc2 Bg4 14. Ne3 Bxf3 15.
Bxf3 b5 16. Nd5 Qb7 17. Bg2 b4 18. Be3 a5 19. Rad1 c4 20. cxb4 Nxb4 21. Qxc4
Rdc8 22. Qf1 Nc2 23. Re2 Nxe3 24. Rxe3 Bc5 25. Rb3 Qa7 26. Nxf6+ gxf6 27. Rf3
Kg7 28. Bh3 Rd8 29. Bf5 Qb6 30. Rxd8 Rxd8 31. Qh3 Rd1+ 32. Kg2 Qxb2 33. Qg4+ Kf8
34. Bh7 Qc1 35. Qc8+ Ke7 36. Qc7+ Rd7 37. Qc6 Rd6 38. Qc7+ Rd7 39. Qc6 Rd6 40.
Qc7+ Rd7 1/2-1/2

[Event "Titled Tue 17th Jun Early"]
[Site "chess.com INT"]
[Date "2025.06.17"]
[Round "4"]
[White "Alonso Rosell, Alvar"]
[Black "Pranesh, M"]
[Result "1-0"]
[WhiteTitle "GM"]
[BlackTitle "GM"]
[WhiteElo "2536"]
[BlackElo "2580"]
[WhiteFideId "2270544"]
[BlackFideId "35028600"]
[EventDate "2025.06.17"]

1. d4 Nf6 2. c4 b6 3. Nf3 Bb7 4. g3 g6 5. Nc3 Bg7 6. d5 O-O 7. Bg2 e6 8. O-O
exd5 9. cxd5 Re8 10. Re1 Na6 11. e4 Nc5 12. e5 Ng4 13. Bg5 Qc8 14. Bf4 Ba6 15.
h3 Nxf2 16. Kxf2 Nd3+ 17. Kg1 Nxe1 18. Qxe1 d6 19. e6 fxe6 20. Ng5 Bd4+ 21. Kh2
exd5 22. Bxd5+ Kg7 23. Ne6+ Kh8 24. Nxd4 Rxe1 25. Rxe1 Bb7 26. Re7 Bxd5 27. Nxd5
Qf8 28. Ne6 Qf5 29. Ne3 Qf6 30. Bg5 Qf2+ 31. Ng2 c5 32. Bf4 Qxb2 33. Bxd6 c4 34.
Nf4 Kg8 35. Be5 c3 36. Rg7+ Kf8 37. Ne6+ Ke8 38. Bd6 c2 39. Re7# 1-0

[Event "Titled Tue 17th Jun Early"]
[Site "chess.com INT"]
[Date "2025.06.17"]
[Round "4"]
[White "Sheehan, Ethan"]
[Black "Papaioannou, Dimitrios"]
[Result "1-0"]
[BlackTitle "CM"]
[WhiteElo "2364"]
[BlackElo "2206"]
[WhiteFideId "30943965"]
[BlackFideId "25865137"]
[EventDate "2025.06.17"]

1. d4 Nf6 2. Nf3 d5 3. Bf4 e6 4. e3 Bd6 5. Nbd2 O-O 6. Bd3 c5 7. dxc5 Bxf4 8.
exf4 Qc7 9. g3 Qxc5 10. O-O Nc6 11. c3 b6 12. Nb3 Qd6 13. Re1 Nd7 14. Nbd4 Bb7
15. Qe2 g6 16. Rad1 Rfe8 17. h4 Nc5 18. Bc2 Rad8 19. h5 Ne4 20. Nxc6 Qxc6 21.
hxg6 hxg6 22. Ne5 Qc7 23. Qg4 Kg7 24. Rd4 Rh8 25. Red1 Nf6 26. Qf3 Rh3 27. Qe3
Rdh8 28. Kf1 Rh2 29. Ke2 b5 30. Kd2 a5 31. a3 Rc8 32. Kc1 Ra8 33. Kb1 Ba6 34. g4
b4 35. cxb4 axb4 36. Rxb4 Rc8 37. Rc1 d4 38. Qxd4 Rd8 39. Qb6 Qc8 40. Bxg6 Qa8
41. Bxf7 Rxf2 42. Qxf2 Nd5 43. Rd4 Bb7 44. Bxe6 Nc3+ 45. Rxc3 Be4+ 46. Ka1 Rxd4
47. Qxd4 1-0

[Event "Titled Tue 17th Jun Early"]
[Site "chess.com INT"]
[Date "2025.06.17"]
[Round "4"]
[White "Galperin, Platon"]
[Black "Dwilewicz, Katarzyna"]
[Result "1-0"]
[WhiteTitle "GM"]
[BlackTitle "WFM"]
[WhiteElo "2500"]
[BlackElo "2198"]
[WhiteFideId "14165414"]
[BlackFideId "1148486"]
[EventDate "2025.06.17"]

1. d4 g6 2. Nf3 Bg7 3. e4 d6 4. Bc4 Nf6 5. Qe2 O-O 6. e5 dxe5 7. dxe5 Nd5 8. O-O
c6 9. Rd1 Qa5 10. Bb3 Bg4 11. Nbd2 Nd7 12. h3 Bf5 13. Nf1 Qc7 14. Re1 Nc5 15.
Ng3 Nxb3 16. axb3 Bd7 17. Bd2 c5 18. c4 Nb4 19. Bxb4 cxb4 20. Qe3 b6 21. Nd4
Rad8 22. f4 a5 23. f5 Qc5 24. Rad1 Bc8 25. f6 exf6 26. Ne4 Qxe5 27. Nc6 Rxd1 28.
Nxe5 Rxe1+ 29. Qxe1 fxe5 30. Qe3 Bf5 31. Nd6 Bc2 32. Qxb6 e4 33. Qf2 Bxb3 34. c5
Bd5 35. Qd2 Bc6 36. Nc4 a4 37. Qxb4 Rd8 38. Nd6 e3 39. Kf1 Be5 40. Ke2 Bxd6 41.
cxd6 Bxg2 42. Kxe3 Bxh3 43. Kf4 Bd7 44. Qb7 h5 45. Qc7 1-0

[Event "Titled Tue 17th Jun Early"]
[Site "chess.com INT"]
[Date "2025.06.17"]
[Round "4"]
[White "Bolashakov, Nurali"]
[Black "Ezat, Mohamed"]
[Result "1-0"]
[WhiteTitle "CM"]
[BlackTitle "IM"]
[WhiteElo "2242"]
[BlackElo "2299"]
[WhiteFideId "13792105"]
[BlackFideId "10600906"]
[EventDate "2025.06.17"]

1. e4 e5 2. Nf3 Nc6 3. Bc4 Nf6 4. d3 h6 5. c3 d6 6. Nbd2 g6 7. O-O Bg7 8. Re1
O-O 9. Nf1 Nh5 10. a4 Kh7 11. Bd2 a6 12. Ba2 f5 13. Qc2 f4 14. h3 g5 15. N1h2
Nf6 16. d4 Qe7 17. Bd5 g4 18. hxg4 Nxg4 19. Kf1 Nxh2+ 20. Nxh2 exd4 21. Bxc6
bxc6 22. cxd4 Bxd4 23. Nf3 Bg7 24. Bc3 Bg4 25. Bxg7 Qxg7 26. Qxc6 Rab8 27. Rac1
Rxb2 28. Qxc7 Rf7 29. Qxd6 Ra2 30. Ne5 f3 31. Nxf7 Bh3 32. Qxh6+ Qxh6 33. Nxh6
Bxg2+ 34. Kg1 Kxh6 35. Rc4 Kg5 36. e5 Re2 37. Re4 Bh3 38. e6 Bf5 39. R4xe2 fxe2
40. e7 Bg6 41. Rxe2 Be8 42. Kg2 Kf6 43. Kg3 Kf7 44. Kf4 Bxa4 45. Kg5 Be8 46. f4
a5 47. f5 a4 48. f6 a3 49. Ra2 Bd7 50. Rxa3 Be8 51. Ra8 Bd7 52. Rf8+ Ke6 53.
e8=Q+ Bxe8 54. Rxe8+ Kf7 55. Re7+ Kg8 56. Kg6 Kf8 57. Re1 Kg8 58. Re8# 1-0

[Event "Titled Tue 17th Jun Early"]
[Site "chess.com INT"]
[Date "2025.06.17"]
[Round "4"]
[White "Nezamyatin, Ruslan"]
[Black "Mecit, Emre"]
[Result "1-0"]
[WhiteTitle "CM"]
[WhiteElo "2070"]
[BlackElo "2007"]
[WhiteFideId "24153451"]
[BlackFideId "6304214"]
[EventDate "2025.06.17"]

1. d4 Nf6 2. c4 g6 3. Nf3 Bg7 4. g3 O-O 5. Bg2 c5 6. d5 b5 7. cxb5 a6 8. bxa6 d6
9. O-O Nxa6 10. Nc3 Bb7 11. e4 Nd7 12. Nd2 Nb4 13. a3 Nd3 14. Qc2 Ba6 15. Rd1
Nxc1 16. Raxc1 Qb6 17. Bf1 Rfb8 18. Rb1 Bxf1 19. Nxf1 c4 20. Ne3 Rc8 21. Ne2 Ne5
22. Kg2 Rc7 23. b3 cxb3 24. Qxb3 Qa6 25. Nd4 Qxa3 26. Qxa3 Rxa3 27. Nb5 Rxe3 28.
Nxc7 Rxe4 29. Rb8+ Bf8 30. Ra1 Rc4 31. Nb5 Nd7 32. Rd8 Nb6 33. Ra7 Rc5 34. Nc7
Kg7 35. Ne8+ Kh6 36. Nc7 Bg7 37. Na6 Rxd5 38. Rxe7 Bd4 39. Rxf7 Nc4 40. Rdd7 Kg5
41. Nc7 Rf5 42. Ne6+ Kg4 43. Nxd4 Rxf7 44. Rxf7 h5 1-0

[Event "Titled Tue 17th Jun Early"]
[Site "chess.com INT"]
[Date "2025.06.17"]
[Round "4"]
[White "Lagarde, Maxime"]
[Black "Tang, Dylan"]
[Result "1-0"]
[WhiteTitle "GM"]
[BlackTitle "FM"]
[WhiteElo "2621"]
[BlackElo "2236"]
[WhiteFideId "662399"]
[BlackFideId "30972531"]
[EventDate "2025.06.17"]

1. d4 Nf6 2. c4 e6 3. Nf3 d5 4. Nc3 Be7 5. Bf4 O-O 6. e3 c5 7. cxd5 Nxd5 8. Nxd5
exd5 9. Bd3 Nc6 10. dxc5 Bxc5 11. O-O Bd6 12. Rc1 Bxf4 13. exf4 Bg4 14. h3 Bxf3
15. Qxf3 Qf6 16. Qxd5 Qxf4 17. Qe4 Qxe4 18. Bxe4 Rac8 19. Bxc6 bxc6 20. Rc5 Rfe8
21. Rfc1 g6 22. Kf1 Re6 23. b4 Rb8 24. a3 Rb6 25. Ra5 a6 26. g4 Kf8 27. Rc3 Ke7
28. Kg2 Kd6 29. Rd3+ Kc7 30. Rf3 Re7 31. Rf6 Kb7 32. Rc5 Rc7 33. Kg3 Rb5 34. Kf4
Kb6 35. Rxb5+ axb5 36. Kg5 Ra7 37. h4 Rxa3 38. Rxf7 h5 39. f3 hxg4 40. fxg4 Rg3
41. Rf4 c5 42. Rf6+ Kb7 43. bxc5 Kc7 44. Rxg6 Rc3 45. h5 Rxc5+ 46. Kh4 b4 47.
Re6 b3 48. Re1 Rc2 49. Rb1 b2 50. Kg5 Kd6 51. Kg6 Ke7 52. Kg7 Rg2 53. Kh7 Rxg4
54. Rxb2 Kf7 55. Rf2+ Ke8 56. h6 Rg1 57. Rf6 Rg2 58. Rg6 Ra2 59. Kg8 Ke7 60. h7
Ra8+ 61. Kg7 1-0

[Event "Titled Tue 17th Jun Early"]
[Site "chess.com INT"]
[Date "2025.06.17"]
[Round "4"]
[White "Jonnalagadda, Vishnusankar"]
[Black "Estrada Nieto, Julian"]
[Result "0-1"]
[BlackTitle "IM"]
[WhiteElo "2047"]
[BlackElo "2181"]
[WhiteFideId "39900100"]
[BlackFideId "5101018"]
[EventDate "2025.06.17"]

1. e4 e5 2. Nf3 Nc6 3. d4 exd4 4. Bc4 Bc5 5. Ng5 Nh6 6. Nxf7 Nxf7 7. Bxf7+ Kxf7
8. Qh5+ g6 9. Qxc5 d5 10. O-O dxe4 11. c3 Qd6 12. Qxd6 cxd6 13. cxd4 Nxd4 14.
Nc3 Bf5 15. Bh6 g5 16. Rad1 Nc6 17. Bxg5 Rhg8 18. Bf4 Ne5 19. Rxd6 Nd3 20. Bg3
Rac8 21. Nd5 Be6 22. Nf4 Nxf4 23. Bxf4 Rc2 24. Rb1 Rgc8 25. h3 Rg8 26. g3 Bxh3
27. a3 Bf5 28. Be3 Bg4 29. Bxa7 Rgc8 30. Be3 Bf3 31. Rd7+ Kg6 32. Rxb7 R8c4 33.
Rb4 Rxb4 34. axb4 Rc4 35. Bc5 Kf5 36. Re1 Kg4 37. Ra1 Rc2 38. Re1 Rxb2 39. Ra1
Rb3 40. Re1 Rd3 41. Ra1 Rd5 42. Re1 Rh5 0-1

[Event "Titled Tue 17th Jun Early"]
[Site "chess.com INT"]
[Date "2025.06.17"]
[Round "4"]
[White "Darmanin, Jake"]
[Black "Danzer, George"]
[Result "1-0"]
[WhiteTitle "CM"]
[BlackTitle "CM"]
[WhiteElo "2052"]
[BlackElo "2172"]
[WhiteFideId "5601061"]
[BlackFideId "4659465"]
[EventDate "2025.06.17"]

1. e4 c5 2. Nf3 d6 3. c3 Nf6 4. h3 e5 5. Be2 Nc6 6. d4 cxd4 7. cxd4 exd4 8. Nxd4
d5 9. Nxc6 bxc6 10. exd5 cxd5 11. Bb5+ Bd7 12. Bxd7+ Qxd7 13. O-O Be7 14. Bg5
O-O 15. Nc3 d4 16. Bxf6 Bxf6 17. Ne4 Be5 18. Qd3 Qf5 19. f4 Bc7 20. g4 Qd5 21.
Rac1 Bb6 22. b3 Rac8 23. Rc4 h6 24. Rfc1 Rxc4 25. bxc4 Qa5 26. c5 Bc7 27. Qxd4
Bxf4 28. Nf6+ gxf6 29. Qxf4 Rc8 30. Qf2 Rc6 31. Kg2 Qb5 32. h4 Kg7 33. Rc3 Qb1
34. Kg3 Kg6 35. Rc2 Qb4 36. Qf5+ Kg7 37. Kh3 Qd4 38. g5 hxg5 39. hxg5 Qe3+ 40.
Kg2 Qxg5+ 41. Qxg5+ fxg5 42. Kf3 f5 43. Ke3 Kf6 44. Kd4 g4 45. Kd5 Rc8 46. Kd6
Rd8+ 47. Kc7 Rd1 48. c6 f4 49. Kb7 Rc1 50. Rxc1 1-0

[Event "Titled Tue 17th Jun Early"]
[Site "chess.com INT"]
[Date "2025.06.17"]
[Round "4"]
[White "Niemann, Hans Moke"]
[Black "Chen, Ryo"]
[Result "1-0"]
[WhiteTitle "GM"]
[BlackTitle "IM"]
[WhiteElo "2736"]
[BlackElo "2395"]
[WhiteFideId "2093596"]
[BlackFideId "7003072"]
[EventDate "2025.06.17"]

1. e4 c5 2. Nf3 d6 3. d4 cxd4 4. Qxd4 Nc6 5. Qe3 Nf6 6. Be2 Bg4 7. O-O g6 8. Rd1
Qb6 9. Qxb6 axb6 10. Nc3 Bg7 11. h3 Bxf3 12. Bxf3 O-O 13. a3 Rfc8 14. Rb1 Nd7
15. Bg4 Nce5 16. Be2 Kf8 17. Kf1 f5 18. exf5 gxf5 19. Nd5 Rxc2 20. Ne3 Rxc1 21.
Rbxc1 Bh6 22. Rc3 Bxe3 23. Rxe3 Rc8 24. f4 Ng6 25. Bd3 Rc5 26. g3 Nf6 27. Bb1 b5
28. b4 Rd5 29. Rc1 e5 30. fxe5 Nxe5 31. Rc7 Nc4 32. Re1 Nh5 33. g4 Nf4 34. Bxf5
Rd2 35. Ree7 Rh2 36. Kg1 Rg2+ 37. Kh1 Rg3 38. Rxh7 Rxh3+ 39. Rxh3 Nxh3 40. a4
Na3 41. a5 Nf2+ 42. Kg2 Nd1 43. Rxb7 Ne3+ 44. Kh3 Nd5 45. a6 1-0

[Event "Titled Tue 17th Jun Early"]
[Site "chess.com INT"]
[Date "2025.06.17"]
[Round "4"]
[White "Dehtiarov, Roman"]
[Black "Dobre, Claudiu-Cristian"]
[Result "0-1"]
[WhiteTitle "FM"]
[BlackTitle "IM"]
[WhiteElo "2416"]
[BlackElo "2287"]
[WhiteFideId "14186640"]
[BlackFideId "1211854"]
[EventDate "2025.06.17"]

1. e4 Nc6 2. Nf3 d6 3. Bb5 Bd7 4. d4 Nf6 5. e5 dxe5 6. Bxc6 Bxc6 7. dxe5 Qxd1+
8. Kxd1 Ng4 9. Ke2 Bxf3+ 10. gxf3 Nxe5 11. Bf4 Nc4 12. b3 Nd6 13. c4 O-O-O 14.
Nc3 c6 15. Rad1 f6 16. Bxd6 Rxd6 17. Ne4 Rxd1 18. Rxd1 e5 19. Rg1 Kd7 20. h4 Ke6
21. h5 Rg8 22. b4 Be7 23. c5 f5 24. Nd2 b5 25. a4 bxa4 26. Ra1 a5 27. bxa5 Bxc5
28. Rxa4 Ra8 29. Nb3 Kd5 30. a6 Bb6 31. Kd3 g5 32. Nd2 Kc5 33. Nc4 Bc7 34. Kc3
Kb5 35. Rb4+ Kxa6 36. Ne3 Ba5 37. Kc4 Bxb4 38. Kxb4 Kb6 39. Kb3 Kc5 40. Kb2 Rf8
41. Kc3 h6 42. Kd3 Kd6 43. Nc4+ Ke6 44. Ke3 Rb8 45. Nd2 Rb2 46. Nc4 Rb3+ 47. Ke2
f4 48. Na5 Rb2+ 49. Kf1 Kd5 50. Ke1 Rb5 0-1

[Event "Titled Tue 17th Jun Early"]
[Site "chess.com INT"]
[Date "2025.06.17"]
[Round "4"]
[White "Zlatin, Alexander"]
[Black "Montejo Bello, Lorena Beatriz"]
[Result "1-0"]
[WhiteTitle "FM"]
[BlackTitle "WFM"]
[WhiteElo "2313"]
[BlackElo "2090"]
[WhiteFideId "2810549"]
[BlackFideId "3529045"]
[EventDate "2025.06.17"]

1. e4 e5 2. Nf3 Nc6 3. Nc3 Nf6 4. Be2 Bb4 5. Nd5 Bc5 6. d3 h6 7. c3 d6 8. b4 Bb6
9. a4 a5 10. Nxb6 cxb6 11. b5 Ne7 12. c4 Ng6 13. Be3 Be6 14. Qd2 O-O 15. h3 Nd7
16. g4 Nc5 17. Ra3 Qd7 18. Nh2 Nh4 19. Rg1 f6 20. Nf1 Kh7 21. Ng3 g5 22. Kd1 Ng6
23. Kc2 Nf4 24. Bxf4 exf4 25. Nf5 Bxf5 26. gxf5 Rac8 27. Raa1 d5 28. exd5 Qd6
29. Bh5 Nd7 30. Bg6+ Kg7 31. Kb3 Ne5 32. Qc3 Rc7 33. h4 Rfc8 34. hxg5 hxg5 35.
Rh1 Nxg6 36. fxg6 Kxg6 37. Rae1 Qxd5 38. Rh6+ Kxh6 39. Qxf6+ Kh5 40. cxd5 Rc3+
41. Qxc3 Rxc3+ 42. Kxc3 g4 43. d6 g3 44. d7 gxf2 45. Rh1+ Kg4 46. d8=Q Kf3 47.
Qd5+ Ke2 48. Qe4# 1-0

[Event "Titled Tue 17th Jun Early"]
[Site "chess.com INT"]
[Date "2025.06.17"]
[Round "4"]
[White "Fernandez Garcia, Gumersindo"]
[Black "Sickmann, Lisa"]
[Result "1-0"]
[WhiteTitle "CM"]
[BlackTitle "WFM"]
[WhiteElo "2197"]
[BlackElo "1974"]
[WhiteFideId "24516740"]
[BlackFideId "16267818"]
[EventDate "2025.06.17"]

1. e4 c6 2. c4 e5 3. Nf3 Qc7 4. Nc3 Nf6 5. d3 Be7 6. g3 O-O 7. Bg2 Na6 8. O-O d6
9. Be3 Bg4 10. Qd2 Qd7 11. Nh4 Bh3 12. f3 Bxg2 13. Kxg2 g6 14. d4 exd4 15. Bxd4
Nc5 16. Rad1 Rad8 17. b3 Ne6 18. Bxa7 b5 19. cxb5 Qxa7 20. bxc6 Qc5 21. Nd5 Nxd5
22. exd5 Ng7 23. Rc1 Qb5 24. Rc4 Bxh4 25. Rxh4 h5 26. Re4 Rfe8 27. Rfe1 Rxe4 28.
Rxe4 Ra8 29. g4 Qa6 30. a4 Qb6 31. Qc2 Rc8 32. b4 Ne8 33. g5 Ng7 34. b5 Nf5 35.
Qe2 Qa5 36. Kh3 Qc3 37. b6 Rxc6 38. dxc6 Qxc6 39. Qb5 Qc1 40. b7 Qxg5 41. b8=Q+
Kg7 42. Qb2+ Kh7 43. Q8h8# 1-0

[Event "Titled Tue 17th Jun Early"]
[Site "chess.com INT"]
[Date "2025.06.17"]
[Round "4"]
[White "Safin Safarullakhan"]
[Black "Hernandez Jimenez, Alexander Andres"]
[Result "1-0"]
[WhiteTitle "CM"]
[BlackTitle "FM"]
[WhiteElo "2028"]
[BlackElo "2069"]
[WhiteFideId "33379475"]
[BlackFideId "3900452"]
[EventDate "2025.06.17"]

1. e4 e5 2. Nf3 Nc6 3. Bc4 Nf6 4. d3 h6 5. c3 d6 6. O-O g6 7. Nbd2 Bg7 8. Re1
O-O 9. Nf1 Na5 10. Bb5 a6 11. Ba4 b5 12. Bc2 c5 13. d4 Nc6 14. Be3 cxd4 15. cxd4
Bg4 16. d5 Nd4 17. Bxd4 exd4 18. h3 Bxf3 19. Qxf3 Nd7 20. Rad1 Rc8 21. Bb1 Re8
22. Qg3 Qb6 23. Kh1 Ne5 24. f4 Nc4 25. b3 Na3 26. Bd3 Rc3 27. e5 Nc2 28. Re2 Nb4
29. e6 Nxd3 30. Rxd3 Rxd3 31. Qxd3 f5 32. Nd2 Rc8 33. Nf3 Qc5 34. Nh4 Qc1+ 35.
Kh2 Qxf4+ 36. g3 Qf1 37. e7 Kf7 38. e8=Q+ Rxe8 39. Re7+ Rxe7 40. Qxf1 d3 41.
Qxd3 Re4 42. g4 Rd4 43. Qe3 Rxd5 44. Nxg6 1-0